000 00727nam a2200253Ia 4500
003 OSt
005 20220925223349.0
006 a|||||r|||| 00| 0
007 ta
008 220923b |||||||| |||| 00| 0 eng d
020 _a0415300444
037 _cGeneral Book
040 _aRTL
_cRTL
_beng
041 _2eng
_aeng
082 _aX:514-8, P3
100 _aHoneycutt Earl D, and others
_9289492
245 0 _aSales management
_b A global perspective
260 _aLondon
_bRoutledge
_c2003
300 _axxiii,307p
_ccm.
500 _aBibliography chapterwise
650 _aSalesmanship
_9229886
942 _hX:514-8, P3
_cGB
_2CC
999 _c579339
_d579339